| 000 | 01000nam a22002657a 4500 | ||
|---|---|---|---|
| 001 | BD-DhSAU 9278 | ||
| 003 | BD-DhSAU | ||
| 005 | 20260510130040.0 | ||
| 008 | 260510b2018 bg a|||| m||| 00| 0 eng d | ||
| 040 | _aBD-DhSAU | ||
| 082 |
_222 _a660.6 _bSu22 |
||
| 100 |
_aSINGHI, SUDEB CHANDRA _eRegistration # 22010127 |
||
| 245 |
_aComparative performance of strawberry
(fragaria × ananassa duch.) regeneration in three
different media /
_bMS thesis |
||
| 260 |
_aSher-e-Bangla Agricultural University; _bDepartment of Biotechnology, ; _c2024. |
||
| 300 |
_aix, 64p. : _bill. ; _c30 cm. |
||
| 500 | _aMS thesis of Department of Biotechnology, ;, Faculty of Agriculture. | ||
| 504 | _aIncludes bibliographical reference. | ||
| 590 | _aNazmul | ||
| 650 | _astrawberry (fragaria × ananassa duch.) | ||
| 650 | _a regeneration | ||
| 700 |
_aAssoio, Prof. Dr. Md. Rafiqul Islam _eSuperviser |
||
| 710 |
_eCo-Superviser _aProf. Dr. Md. Ekramul Hoque |
||
| 942 |
_2ddc _cTHESIS |
||
| 999 |
_c18370 _d18369 |
||